000 00364nam a2200157Ia 4500
008 230711s9999||||xx |||||||||||||| ||und||
041 _aENG
082 _a720
_bFR-L
100 _aFrank,Ellen Eve
245 0 _aLiterary Architecture
250 _a1st Ed.
260 _c1979
_aNew Delhi
_bSimon & Schuster
300 _a310
650 _aArchitecture
942 _cBK
999 _c2036
_d2036